| 000 | 00727cab a2200217 4500 | ||
|---|---|---|---|
| 001 | WB3423-27 | ||
| 008 | 090401t1998 xxu||||| |||| 00| 0 eng d | ||
| 035 | _a(Sirsi) u86888 | ||
| 041 | _aeng | ||
| 245 | _aRationalising inward investment | ||
| 260 | _c1998 | ||
| 350 | _a0 | ||
| 490 |
_aFinancial Times _v16 June 1998, 26(1) |
||
| 520 | _aA committee of representatives from the Scottish, Welsh, Northern Ireland offices and the DTI will be set up to consider aid packages for large-scale projects to ensure they meet Treasury and EU rules. | ||
| 650 | _aGRANTS | ||
| 650 | _aINWARD INVESTMENT | ||
| 650 | _aREGIONAL AID | ||
| 690 | _aPROPERTY-PROPERTY FINANCE AND INVESTMENT | ||
| 942 | _n0 | ||
| 948 | _c18/06/1998 | ||
| 999 |
_c54712 _d54712 |
||